All the Small Things - Blink-182 (All Lyrics) - Statistics

General Stats
  • This quiz has been taken 61 times
  • The average score is 137 of 161
Answer Stats
Lyrics % Correct
all
100%
small
100%
the
100%
things
100%
I
98%
me
94%
be
92%
carry
92%
go
92%
lights
92%
not
92%
so
92%
will
92%
home
91%
it
91%
know
91%
off
91%
say
91%
turn
91%
care
89%
ain't
87%
my
87%
on
87%
at
85%
by
85%
I'll
85%
show
85%
left
83%
your
83%
she
81%
stairs
79%
take
79%
waiting
79%
watching
79%
you'll
79%
roses
77%
commiserating
75%
true
75%
always
74%
best
74%
cares
74%
one
74%
brings
72%
come
72%
night
72%
let
70%
sucks
68%
work
68%
trip
64%
late
62%
still
60%
keep
58%
head
57%
thrill
57%
lift
51%
little
51%
ride
47%
windmill
47%
suprises
32%
just
11%
No matching quizzes found
Score Distribution
Percent of People with Each Score
Percentile by Number Answered
Your Score History
You have not taken this quiz